English textbook for the faculty of national economy
Na minha lista:
| Autor principal: | |
|---|---|
| Formato: | Livro |
| Idioma: | inglês |
| Publicado em: |
Bratislava
Vysoká škola ekonomická
1981
|
| Tags: |
Sem tags, seja o primeiro a adicionar uma tag!
|
MARC
| LEADER | 00000nam a2200000 4500 | ||
|---|---|---|---|
| 001 | c136861 | ||
| 005 | 20190201073143.4 | ||
| 041 | 0 | |a eng | |
| 044 | |a SK | ||
| 245 | 1 | 0 | |a English textbook for the faculty of national economy |c Anna Borošová |
| 264 | 1 | |a Bratislava |b Vysoká škola ekonomická |c 1981 | |
| 300 | |a 97 s. | ||
| 100 | 1 | |a Borošová, Anna | |